Budapest statisztikai évkönyve 1992

Na minha lista:
Detalhes bibliográficos
Formato: Livro
Idioma:húngaro
Publicado em: Budapest Központi Statisztikai Hivatal 1993
Edição:1. kiadás.
Tags: Adicionar Tag
Sem tags, seja o primeiro a adicionar uma tag!

MARC

LEADER 00000nam a2200000 4500
001 c005434
005 20251202140930.9
041 0 |a hun 
044 |a HU 
245 1 0 |a Budapest statisztikai évkönyve 1992 
250 |a 1. kiadás. 
264 1 |a Budapest  |b Központi Statisztikai Hivatal  |c 1993 
300 |a 186 s.